[Event "World Rapid 2025"]
[Site "Doha QAT"]
[Date "2025.12.28"]
[Round "13.83"]
[White "Al Hosani, Omran"]
[Black "Nainys, Zanas"]
[Result "1/2-1/2"]
[WhiteTitle "IM"]
[WhiteElo "2340"]
[BlackElo "2307"]
[WhiteFideId "9308733"]
[BlackFideId "12844098"]
[EventDate "2025.12.26"]

1. d4 d5 2. c4 e6 3. Nc3 Nf6 4. cxd5 exd5 5. Bg5 Be7 6. e3 c6 7. Bd3 Nbd7 8.
Nge2 Nf8 9. Qc2 Ne6 10. Bh4 g6 11. f3 O-O 12. O-O-O b5 13. Kb1 a5 14. e4 dxe4
15. fxe4 Ng4 16. Bxe7 Qxe7 17. Rde1 Rd8 18. d5 Nf2 19. dxe6 Bxe6 20. Nf4 Nxh1
21. Rxh1 a4 22. Nxe6 Qxe6 23. Be2 a3 24. b3 Qe5 25. Rd1 Qxh2 26. Bf3 Qe5 27. Rd3
Rd4 28. Rxd4 Qxd4 29. Ne2 Qd6 30. e5 Qxe5 31. Qc3 Re8 32. Qxe5 Rxe5 33. Nd4 Re1+
34. Kc2 Ra1 35. Bxc6 Rxa2+ 36. Kb1 Rb2+ 37. Ka1 b4 38. Bd5 Rd2 39. Nc6 Kf8 40.
Nxb4 Rd4 41. Bc4 Rd2 42. g3 h5 43. Nc6 f6 44. b4 Ke8 45. b5 Kd7 46. Bf7 g5 47.
Bxh5 Rb2 48. Nd4 Rb4 49. Nf5 Rxb5 50. Be8+ Kxe8 51. Nd6+ Kd7 52. Nxb5 Ke6 53.
Ka2 Kf5 54. Kxa3 Kg4 55. Nd6 Kf3 56. Kb3 g4 57. Nf5 Ke4 58. Nh4 f5 59. Kc3 f4 1/2-1/2

[Event "World Rapid 2025"]
[Site "Doha QAT"]
[Date "2025.12.28"]
[Round "13.84"]
[White "Al Mashikhi, Salim Aliyan"]
[Black "Ezat, Mohamed"]
[Result "0-1"]
[WhiteTitle "FM"]
[BlackTitle "IM"]
[WhiteElo "1952"]
[BlackElo "2294"]
[WhiteFideId "22000046"]
[BlackFideId "10600906"]
[EventDate "2025.12.26"]

1. e4 e5 2. Nf3 Nc6 3. Bb5 a6 4. Ba4 Nf6 5. O-O Be7 6. Nc3 b5 7. Bb3 d6 8. d4
Nxd4 9. Nxd4 exd4 10. Nd5 c5 11. Nxf6+ Bxf6 12. Bd5 Rb8 13. a4 O-O 14. axb5 axb5
15. Bd2 Bb7 16. Bxb7 Rxb7 17. Qf3 Qb6 18. Bf4 Qc6 19. Qg3 Rd7 20. Ra5 Re8 21. f3
c4 22. Kh1 g6 23. Rd1 h5 24. Bg5 Bg7 25. Qf4 d5 26. exd5 Qxd5 27. Bf6 Qe6 28.
Bh4 d3 29. cxd3 Rxd3 30. Rg1 Qb6 31. Raa1 Bxb2 32. Rae1 Qb8 33. Qg5 Bd4 34. Rgf1
Rde3 35. Rd1 Qe5 36. Qxe5 Bxe5 37. Rfe1 Rxe1+ 38. Rxe1 Re6 39. Rb1 Ra6 40. g3
Ra1 41. Rxa1 Bxa1 42. Kg2 0-1

[Event "World Rapid 2025"]
[Site "Doha QAT"]
[Date "2025.12.28"]
[Round "13.109"]
[White "Musovic, Armin"]
[Black "Assylov, Miras"]
[Result "0-1"]
[WhiteTitle "FM"]
[BlackTitle "FM"]
[WhiteElo "2190"]
[BlackElo "2393"]
[WhiteFideId "939935"]
[BlackFideId "13728873"]
[EventDate "2025.12.26"]

1. e4 c5 2. c3 d5 3. exd5 Qxd5 4. Na3 e6 5. Nf3 Nf6 6. d4 Nc6 7. Be3 cxd4 8. Nb5
Qd7 9. Nbxd4 a6 10. Be2 Bd6 11. O-O O-O 12. Ng5 h6 13. Nxc6 Qxc6 14. Nf3 e5 15.
Qc2 Ng4 16. Bd2 e4 17. Nd4 Qd5 18. g3 Re8 19. f3 Nxh2 20. fxe4 Rxe4 21. Bc4 Qxc4
22. Qxe4 Nxf1 23. Rxf1 Be6 24. b3 Qd5 25. Qxd5 Bxd5 26. Nf5 Bc5+ 27. Be3 Bf8 28.
Rd1 Be4 29. Nd6 Rd8 30. Bc5 Bc6 31. a4 b6 32. Ba3 h5 33. c4 a5 34. Kf2 Kh7 35.
Rd2 g5 36. Ke1 Kg6 37. c5 bxc5 38. Nc4 Rxd2 39. Kxd2 Kf5 40. Ke3 Bd5 41. Nxa5
Kg4 42. Nc4 Kxg3 43. a5 h4 44. Bb2 f5 45. Be5+ f4+ 46. Ke2 Kg2 47. Bf6 f3+ 48.
Kd2 Bxc4 49. bxc4 f2 50. a6 f1=Q 0-1

[Event "World Rapid 2025"]
[Site "Doha QAT"]
[Date "2025.12.28"]
[Round "13.110"]
[White "Medhus, Vitus Bondo"]
[Black "Anwoir, Tarik"]
[Result "1-0"]
[WhiteTitle "FM"]
[WhiteElo "2387"]
[BlackElo "2098"]
[WhiteFideId "1462547"]
[BlackFideId "9004904"]
[EventDate "2025.12.26"]

1. e4 e5 2. Nf3 Nc6 3. Bb5 a6 4. Ba4 d6 5. O-O Bd7 6. c3 Nf6 7. d4 b5 8. Bb3 Be7
9. Re1 O-O 10. h3 h6 11. Nbd2 Re8 12. Nf1 Bf8 13. Ng3 Na5 14. Bc2 g6 15. b3 Bg7
16. Bb2 c5 17. d5 c4 18. b4 Nb7 19. a4 Qb6 20. a5 Qd8 21. Bc1 Qc8 22. Be3 Kh7
23. Kf1 Ng8 24. Qd2 Nd8 25. Ke2 f6 26. Kd1 Nf7 27. Kc1 Rf8 28. h4 h5 29. Kb2 Bh6
30. Nh2 Bxe3 31. Qxe3 Nfh6 32. f4 Ng4 33. Nxg4 Bxg4 34. Rf1 Nh6 35. Rae1 Qc7 36.
Rf2 Kg7 37. Ref1 Rae8 38. f5 gxf5 39. exf5 Ra8 40. Qd2 Rh8 41. Bd1 Qf7 42. Ne4
Rhd8 43. Bc2 Ra7 44. Ng5 Qe8 45. Ne6+ Kh7 46. Nxd8 Qxd8 47. Bd1 Rg7 48. Bf3 Qc8
49. Be4 Qg8 50. Qe3 Rb7 51. Rd2 Qc8 52. Bf3 Qg8 53. Bxg4 Nxg4 54. Qe4 Qb8 55.
Rf3 Qa7 56. Rg3 Rg7 57. Qe1 Rg8 58. Re2 Rg7 59. Qf1 Kh8 60. Qf3 Qg1 61. Rd2 Qa7
62. Qd1 Kh7 63. Re2 Kh8 64. Qe1 Kh7 65. Re4 Kh8 66. Qe2 Kh7 67. Rf3 Nh2 68. Rf2
Ng4 69. Rf1 Rg8 70. Rh1 Rg7 71. Ka3 Rg8 72. Rc1 Rg7 73. Qf1 Rg8 74. Re2 Rg7 75.
Kb2 Rg8 76. Ka2 Rg7 77. Ka3 Rg8 78. Re4 Rg7 79. Qg1 Qxg1 80. Rxg1 Nh6 81. Rf1
Rxg2 82. Rxc4 bxc4 83. b5 axb5 84. a6 Rg8 85. Kb4 Rb8 86. Ka5 Ng4 87. Re1 Nh6
88. Rf1 Ng4 89. Re1 Nh6 90. a7 Ra8 91. Kb6 Nxf5 92. Kb7 Rxa7+ 93. Kxa7 Nxh4 94.
Kb6 Nf5 95. Kxb5 h4 96. Kxc4 Kh6 97. Kd3 Kh5 98. c4 h3 99. Ke4 Ng3+ 100. Kf3 Nf5
101. Rg1 Nd4+ 102. Kf2 f5 103. Rd1 Nb3 104. Rd3 Nc5 105. Rxh3+ Kg5 106. Rh8 Kf4
107. Rd8 Kg4 108. Ke2 Ne4 109. c5 dxc5 110. d6 Nxd6 111. Rxd6 f4 112. Rd5 Kf5
113. Rxc5 Ke4 114. Rc4+ Kd5 115. Kd3 f3 116. Ra4 1-0

[Event "World Rapid 2025"]
[Site "Doha QAT"]
[Date "2025.12.28"]
[Round "13.111"]
[White "Berend, Fred"]
[Black "Damaj, Mohammed"]
[Result "0-1"]
[WhiteTitle "IM"]
[BlackTitle "CM"]
[WhiteElo "2213"]
[BlackElo "2119"]
[WhiteFideId "4000102"]
[BlackFideId "11501731"]
[EventDate "2025.12.26"]

1. e4 d6 2. d4 g6 3. Nf3 Bg7 4. c3 c6 5. Bd3 Nf6 6. O-O Qc7 7. Re1 a5 8. e5 dxe5
9. Nxe5 Nbd7 10. Nf3 Nb6 11. Bg5 Nbd5 12. Nbd2 O-O 13. Nc4 Be6 14. Qc1 c5 15.
Na3 Rac8 16. Bf1 Bg4 17. Ne5 cxd4 18. Nb5 Qb6 19. Nxd4 Rfd8 20. h3 Bd7 21. Bc4
Qc5 22. Bb3 b5 23. a3 b4 24. Nxd7 Nxd7 25. axb4 axb4 26. Bxd5 Qxd5 27. Bxe7 Bxd4
28. Bxd8 bxc3 29. Re8+ Kg7 30. bxc3 Rxc3 31. Qf4 Be5 32. Qh4 Rc4 33. Rxe5 Qxe5
34. Qxc4 Qxa1+ 35. Kh2 Qe5+ 36. g3 Qc5 37. Qf4 h6 38. Qd2 Ne5 39. Qf4 f5 40. Qe3
Qd5 41. Bb6 Nf3+ 42. Kh1 Nh4+ 43. f3 Qxf3+ 44. Qxf3 Nxf3 45. Kg2 Nd2 46. Bd4+
Kh7 47. Be3 Nc4 48. Bc1 g5 49. Kf3 Kg6 50. Ke2 Nd6 51. Kf3 Nc4 52. Ke2 h5 53.
Kd3 Nd6 54. Be3 Kf6 55. Kd4 Ne8 56. Kc5 Nc7 57. Bd4+ Ke6 58. Be3 Kf6 59. Bd4+
Kg6 60. Be3 f4 61. gxf4 gxf4 62. Bf2 Kf5 63. Kd4 Ne6+ 64. Kd3 Ng5 65. h4 Nf3 66.
Ke2 Kg4 67. Bc5 Nxh4 68. Kf2 Nf5 69. Kg2 f3+ 70. Kh2 Ng3 71. Bb6 h4 72. Bc5 h3
73. Kg1 Ne2+ 74. Kh2 Nc3 75. Bb6 Nd5 76. Bc5 Nf6 77. Bb6 Nh7 78. Kg1 Ng5 79. Kh2
Ne6 80. Ba7 Nf4 81. Bb6 Nd3 82. Kg1 Ne1 83. Kh2 Nc2 84. Bc5 Na1 85. Be3 Nb3 86.
Bb6 Nc1 87. Kg1 Nd3 88. Ba7 Nb4 89. Kh2 Nd5 90. Bc5 Nc3 91. Bb6 Nd5 92. Bc5 Nf4
93. Bb6 Nh5 94. Bc5 Ng3 95. Bb6 Nf1+ 96. Kg1 h2+ 97. Kh1 Kh3 98. Bf2 Nd2 99. Bg3
Ne4 100. Bxh2 f2 101. Bg1 Ng3# 0-1

[Event "World Rapid 2025"]
[Site "Doha QAT"]
[Date "2025.12.28"]
[Round "13.112"]
[White "Bodemar, Jonathan"]
[Black "Ammar, Sedrani"]
[Result "0-1"]
[WhiteTitle "CM"]
[BlackTitle "FM"]
[WhiteElo "2154"]
[BlackElo "2203"]
[WhiteFideId "6205488"]
[BlackFideId "9312331"]
[EventDate "2025.12.26"]

1. e4 c6 2. d4 d5 3. e5 Bf5 4. Nf3 e6 5. Be2 Nd7 6. O-O Ne7 7. a4 h6 8. a5 a6 9.
b4 g5 10. c3 Bg7 11. Nbd2 O-O 12. Nb3 f6 13. exf6 Bxf6 14. Be3 Ng6 15. Bd3 Kg7
16. Qd2 Qc7 17. Qc2 Bxd3 18. Qxd3 Rf7 19. Rfe1 Raf8 20. Re2 g4 21. Ne1 h5 22.
Qd2 Kh7 23. Nd3 e5 24. dxe5 Ndxe5 25. Nd4 Nc4 26. Qe1 Qc8 27. Nc5 Re8 28. Raa2
Rfe7 29. Bc1 Be5 30. Bg5 Rf7 31. Qb1 Nd6 32. Be3 h4 33. Re1 h3 34. g3 Bxd4 35.
Bxd4 Qf5 36. Qd1 Qf3 0-1

[Event "World Rapid 2025"]
[Site "Doha QAT"]
[Date "2025.12.28"]
[Round "13.113"]
[White "Dinham, James"]
[Black "Salinas Herrera, Pablo"]
[Result "0-1"]
[BlackTitle "GM"]
[WhiteElo "2091"]
[BlackElo "2473"]
[WhiteFideId "14327023"]
[BlackFideId "3407128"]
[EventDate "2025.12.26"]

1. Nf3 d5 2. d4 Nf6 3. g3 Bf5 4. Bg2 h6 5. O-O e6 6. c4 c6 7. Nc3 Be7 8. b3 O-O
9. Ne5 Nbd7 10. Bf4 Bh7 11. Re1 Bb4 12. Bd2 Nxe5 13. dxe5 Nd7 14. a3 Ba5 15. f4
dxc4 16. bxc4 Nc5 17. Rc1 Qd4+ 18. e3 Qd7 19. Nb1 Bxd2 20. Nxd2 Rad8 21. Re2 Qd3
22. Qe1 Qxa3 23. Ra1 Qc3 24. Rxa7 Ra8 25. Rxa8 Rxa8 26. Nf1 Qxc4 27. Rd2 Bd3 28.
Qd1 Qc3 29. Rf2 Bxf1 30. Bxf1 Qxe3 31. Kg2 Qe4+ 32. Kh3 Qa4 33. Qc1 Qa3 34. Qb1
Rd8 35. f5 Qe3 36. Re2 Qf3 37. fxe6 Nxe6 0-1

[Event "World Rapid 2025"]
[Site "Doha QAT"]
[Date "2025.12.28"]
[Round "13.114"]
[White "Anand, Tsogtbileg"]
[Black "Dahal, Sushrut"]
[Result "1/2-1/2"]
[WhiteTitle "CM"]
[BlackTitle "CM"]
[WhiteElo "1968"]
[BlackElo "2037"]
[WhiteFideId "4926552"]
[BlackFideId "12303275"]
[EventDate "2025.12.26"]

1. Nf3 d5 2. g3 Nd7 3. d4 Nb6 4. Bg2 Nf6 5. O-O g6 6. b3 Bg7 7. Bb2 O-O 8. Nbd2
a5 9. a4 c6 10. e3 h6 11. Qe2 Bf5 12. c4 Qc8 13. c5 Nbd7 14. Nh4 Be6 15. f4 Bg4
16. Qd3 e6 17. Ndf3 Bf5 18. Nxf5 exf5 19. Ne5 Ne4 20. Bxe4 fxe4 21. Qd2 Kh7 22.
Bc3 Nxe5 23. fxe5 Qc7 24. Rf4 f6 25. exf6 Rxf6 26. Rxf6 Bxf6 27. Rf1 Kg7 28. Qf2
Rf8 29. Qf4 Qxf4 30. gxf4 Ra8 31. Kf2 Kf7 32. Rb1 Ke6 33. Kg3 Bd8 34. h4 h5 35.
Kh3 b6 36. Rg1 Kf7 37. cxb6 Bxb6 38. f5 gxf5 39. Rg5 Kf6 40. Rxh5 Rg8 41. Rh6+
Rg6 42. Rxg6+ Kxg6 43. b4 axb4 44. Bxb4 f4 45. a5 Ba7 46. Bc5 fxe3 47. Kg2 Bb8
48. a6 Kh5 49. a7 Bxa7 50. Bxa7 Kxh4 51. Kf1 Kg4 52. Ke2 Kf4 53. Bc5 Kf5 54.
Kxe3 Ke6 55. Kf4 Kf6 56. Bb4 Ke6 57. Kg5 Kd7 58. Kf5 Kc7 59. Ba5+ Kb7 60. Ke5
Ka6 61. Be1 Kb5 62. Kd6 e3 63. Ke5 Kc4 64. Ba5 e2 65. Be1 c5 66. dxc5 Kxc5 67.
Kf4 d4 68. Kf3 d3 69. Ke3 Kc4 70. Bd2 1/2-1/2

[Event "World Rapid 2025"]
[Site "Doha QAT"]
[Date "2025.12.28"]
[Round "13.115"]
[White "Blackwood, Ryan"]
[Black "Alrehaili, Ahmed Abdullah S"]
[Result "0-1"]
[BlackTitle "FM"]
[WhiteElo "1945"]
[BlackElo "2106"]
[WhiteFideId "7400640"]
[BlackFideId "21518840"]
[EventDate "2025.12.26"]

1. e4 e5 2. Nf3 Nc6 3. d4 exd4 4. Nxd4 Qf6 5. Nxc6 Bc5 6. Qf3 dxc6 7. Nc3 Be6 8.
Qg3 O-O-O 9. Bd3 h6 10. f4 Qe7 11. Be3 g5 12. fxg5 Bxe3 13. Qxe3 c5 14. b3 hxg5
15. O-O-O Nf6 16. h3 c4 17. Bxc4 Qa3+ 18. Kb1 Bxc4 19. bxc4 Qb4+ 20. Ka1 Qxc4
21. a3 Rhe8 22. Kb2 Rxd1 23. Rxd1 Re6 24. Qxa7 Rb6+ 25. Kc1 Ra6 26. Qd4 Qxd4 27.
Rxd4 Rxa3 28. Kb2 Ra5 29. g4 c6 30. Rd6 Nd7 31. Rh6 f6 32. Ne2 Kc7 33. Ng3 Kd6
34. Nf5+ Ke5 35. Rh7 Nc5 36. Re7+ Kf4 37. Nd6 Ra4 38. c4 Rb4+ 39. Kc2 Ra4 40.
Kc3 b5 41. cxb5 cxb5 42. Rf7 Ke5 43. Nxb5 Nxe4+ 44. Kb3 Ra1 45. Re7+ Kf4 46. Nc7
Rh1 47. Ne6+ Kg3 48. Nd4 Nf2 49. Re6 Rxh3 50. Rxf6 Kxg4+ 51. Kc2 Rh2 52. Rf8
Nh3+ 53. Kd3 Nf4+ 54. Ke3 Rh3+ 55. Kf2 Rd3 56. Nf5 Rf3+ 57. Kg1 Ne2+ 58. Kg2
Rxf5 59. Re8 Nf4+ 60. Kg1 Ra5 61. Rg8 Kf3 62. Kh2 Ra2+ 63. Kh1 g4 64. Rf8 g3 65.
Rg8 0-1

[Event "World Rapid 2025"]
[Site "Doha QAT"]
[Date "2025.12.28"]
[Round "13.117"]
[White "Khayat, Emad"]
[Black "Phuyal, Aashish"]
[Result "1-0"]
[WhiteElo "1927"]
[BlackElo "1955"]
[WhiteFideId "21518076"]
[BlackFideId "12312649"]
[EventDate "2025.12.26"]

1. d4 Nf6 2. Nf3 e6 3. g3 d5 4. Bg2 Be7 5. O-O O-O 6. c4 a5 7. Nc3 c6 8. b3 b6
9. Ne5 Bb7 10. e4 Nbd7 11. Nxd7 Nxd7 12. exd5 cxd5 13. cxd5 Bb4 14. Bb2 Bxc3 15.
Bxc3 Bxd5 16. Bxd5 exd5 17. Qf3 Nf6 18. Bd2 Qd7 19. Rac1 Rac8 20. Qd3 Ne4 21.
Bf4 h6 22. Kg2 Rfe8 23. Qa6 g5 24. Be3 Rb8 25. Rc2 Re6 26. Rfc1 Kg7 27. Rc7 Qe8
28. a4 g4 29. Ra7 Rf6 30. Rcc7 Qe6 31. Qe2 Qf5 32. Bf4 Re8 33. Be5 Rxe5 34. dxe5
Qxf2+ 35. Qxf2 Rxf2+ 36. Kg1 1-0

[Event "World Rapid 2025"]
[Site "Doha QAT"]
[Date "2025.12.28"]
[Round "13.118"]
[White "AlJamaat, Khaled"]
[Black "Al-Kuwari, Hamad"]
[Result "1/2-1/2"]
[BlackTitle "CM"]
[WhiteElo "1719"]
[BlackElo "1809"]
[WhiteFideId "12102415"]
[BlackFideId "12102679"]
[EventDate "2025.12.26"]

1. e4 e6 2. d4 d5 3. Nc3 dxe4 4. Nxe4 Nd7 5. Bd3 Ngf6 6. Nf3 Be7 7. O-O Nxe4 8.
Bxe4 Nf6 9. Bd3 O-O 10. c3 b6 11. Bf4 Bb7 12. Re1 c5 1/2-1/2

[Event "World Rapid 2025"]
[Site "Doha QAT"]
[Date "2025.12.28"]
[Round "13.119"]
[White "Alsaqer, Meshal"]
[Black "Al-Janahi, Ibrahim"]
[Result "0-1"]
[WhiteElo "1853"]
[BlackElo "1656"]
[WhiteFideId "10301771"]
[BlackFideId "12102385"]
[EventDate "2025.12.26"]

1. d4 Nf6 2. Nf3 d5 3. c4 e6 4. Nbd2 c5 5. cxd5 exd5 6. g3 Nc6 7. Nb3 cxd4 8.
Nbxd4 Bb4+ 9. Bd2 Qa5 10. Nxc6 bxc6 11. Bg2 Bxd2+ 12. Qxd2 Qxd2+ 13. Nxd2 Ba6
14. Nb3 O-O 15. Nc5 Bc8 16. O-O Nd7 17. Nb3 Ne5 18. Rac1 Rb8 19. e3 Ba6 20. Rfd1
Bc4 21. Rc3 Bxb3 22. axb3 Rb6 23. f4 Ng4 24. h3 Nf6 25. Ra1 a6 26. Rac1 h6 27.
Rxc6 Rxb3 28. Rxa6 Rxb2 29. Ra7 Re8 30. Rc3 Re2 31. Rcc7 R8xe3 32. Rc8+ Kh7 33.
Kh2 Ne4 34. f5 Rxg3 35. Raa8 Rgxg2+ 36. Kh1 Ng3# 0-1